| 000 | 004640000a22001930004500 | ||
|---|---|---|---|
| 001 | 003803 | ||
| 003 | MACL | ||
| 005 | 20150913153857.0 | ||
| 008 | 150913b xxu||||| |||| 00| 0 eng d | ||
| 040 |
_aMACL _cMACL |
||
| 041 | _aEnglish | ||
| 082 | _a823/DES | ||
| 100 |
_aPenguin Books, _910039 |
||
| 245 |
_aThe Inheritance Of Loss _cPenguin Books |
||
| 260 |
_aNoida _c2006 _bDesai, Kiran, |
||
| 350 | _a395 | ||
| 650 |
_aFiction _910881 |
||
| 942 |
_k823 _cBK _2ddc |
||
| 999 |
_c15696 _d15696 |
||